Růst, stabilita a konkurenceschopnost IV Česká republika v globalizované a znalostní ekonomice
Salvato in:
| Autore principale: | |
|---|---|
| Natura: | Libro |
| Lingua: | ceco |
| Pubblicazione: |
Praha
LINDE nakladatelství
2008
|
| Soggetti: | |
| Tags: |
Nessun Tag, puoi essere il primo ad aggiungerne!!
|
MARC
| LEADER | 00000nam$a2200000$$$4500 | ||
|---|---|---|---|
| 001 | 0083644 | ||
| 005 | 20240315114702.0 | ||
| 020 | |a 978-80-86131-79-5 | ||
| 041 | 0 | |a cze | |
| 044 | |a CZ | ||
| 245 | 1 | 0 | |a Růst, stabilita a konkurenceschopnost IV |b Česká republika v globalizované a znalostní ekonomice |c Anna Kadeřábková a kol. |
| 264 | 1 | |a Praha |b LINDE nakladatelství |c 2008 | |
| 300 | |a 389 s. | ||
| 610 | 2 | 0 | |a výkonnosť ekonomiky |
| 610 | 2 | 0 | |a globalizácia |
| 610 | 2 | 0 | |a produktivita práce |
| 610 | 2 | 0 | |a porovnanie medzinárodné |
| 610 | 2 | 0 | |a analýzy |
| 610 | 2 | 0 | |a sektory hospodárske |
| 610 | 2 | 0 | |a účty |
| 610 | 2 | 0 | |a produkt domáci hrubý |
| 610 | 2 | 0 | |a ukazovatele |
| 610 | 2 | 0 | |a investície zahraničné |
| 610 | 2 | 0 | |a vývoz |
| 610 | 2 | 0 | |a produkcia |
| 610 | 2 | 0 | |a input-output |
| 610 | 2 | 0 | |a firmy |
| 610 | 2 | 0 | |a rentabilita podniku |
| 610 | 2 | 0 | |a modely |
| 610 | 2 | 0 | |a konkurencieschopnosť |
| 610 | 2 | 0 | |a inovácia |
| 610 | 2 | 0 | |a výkonnosť |
| 610 | 2 | 0 | |a výkony podnikové |
| 610 | 2 | 0 | |a internacionalizácia |
| 610 | 2 | 0 | |a služby |
| 610 | 2 | 0 | |a technológie informačné |
| 610 | 2 | 0 | |a technológie komunikačné |
| 610 | 2 | 0 | |a informatika |
| 610 | 2 | 0 | |a regióny |
| 610 | 2 | 0 | |a Česko |
| 610 | 2 | 0 | |a Európska únia |
| 100 | 1 | |a Kadeřábková, Anna | |